000 00704nam a2200205 a 4500
001 000042640
005 20201002040307.0
008 140203s1986 sp a 000 0 spa d
020 _a8476320132
040 _aDO-SdBNP
_bspa
_cBNPHU
082 _axxxx
_bxxxx
100 1 _aGraves, Robert
_969909
245 1 3 _aLa branca morta de l'arbre d'Israel /
_cRobert Graves ; traducció de Lucía Graves i Natàlia Farran ; introducció de P. de Montaner.
260 _aMallorca, España :
_bArxipèlag,
_c1986.
300 _a43 p. ;
_c18 cm.
490 1 _aUniversitas baliarica
_v3
700 1 2 _aGraves, Lucía,
_d1943-
_969910
700 1 2 _aFarran, Natàlia
_969911
830 0 _aUniversitas baliarica ;
_n3
_969912
999 _c42129
_d42129